Globální výzvy spojené se snižováním emisí skleníkových plynů
Kjótsky protokol bol prvotným nástrojom pre znižovanie emisií skleníkových plynov vo svete. Jeho pokračovanie, Parížska dohoda, po zložitom vyjednávaní predstavuje širší nástroj uplatňovaný globálne, aj keď nie je podporovaná zo strany USA.
Gespeichert in:
| 1. Verfasser: | |
|---|---|
| Format: | Buchkapitel |
| Sprache: | Tschechisch |
| Schlagworte: | |
| Tags: |
Keine Tags, Fügen Sie das erste Tag hinzu!
|
MARC
| LEADER | 00000naa a2200000 4500 | ||
|---|---|---|---|
| 001 | 0246089 | ||
| 005 | 20180627145139.5 | ||
| 041 | 0 | |a cze | |
| 044 | |a CZ | ||
| 245 | 1 | 0 | |a Globální výzvy spojené se snižováním emisí skleníkových plynů |c Diana Rybachenko |
| 520 | |a Kjótsky protokol bol prvotným nástrojom pre znižovanie emisií skleníkových plynov vo svete. Jeho pokračovanie, Parížska dohoda, po zložitom vyjednávaní predstavuje širší nástroj uplatňovaný globálne, aj keď nie je podporovaná zo strany USA. | ||
| 610 | 2 | 0 | |a ochrana prostredia životného |
| 610 | 2 | 0 | |a emisie |
| 610 | 2 | 0 | |a environmentalistika |
| 610 | 2 | 0 | |a politika environmentálna |
| 610 | 2 | 0 | |a spolupráca medzinárodná |
| 610 | 2 | 0 | |a zmeny klimatické |
| 610 | 2 | 0 | |a dohody medzinárodné |
| 610 | 2 | 0 | |a USA |
| 610 | 2 | 0 | |a India |
| 610 | 2 | 0 | |a Čína |
| 610 | 2 | 0 | |a Rusko |
| 100 | 1 | |a Rybachenko, Diana | |